000 00582nam a22001817a 4500
005 20180419100753.0
010 _aENG-122513
020 _a9789383166114
_c625.00
035 _aEN-106045
037 _bDBAD/PUB
082 _a921
100 _aMichael de Saint-Cheron
245 _aGandhi anti-biography of a great soul /
_cby Michael de Saint-Cheron [and] tr. by Asha Narang Spaak
260 _aNew Delhi
_bSocial Science Press
_c2016
270 _a69, Jor Bagh,
_bNew Delhi
_e110003
300 _a167p.
_bill. picture
_c21cm.(Hb)
942 _2ddc
_cEN
_mMIC
_h921
999 _c150867
_d150867